Fifty years of electronic components
Shranjeno v:
| Glavni avtor: | |
|---|---|
| Format: | Knjiga |
| Jezik: | Undetermined |
| Izdano: |
The Netherlands
Product Division Elcoma of N.V. Philips' Gloeilampenfabrieken
1971
|
| Teme: | |
| Oznake: |
Označite
Brez oznak, prvi označite!
|
| Thư viện lưu trữ: | Trung tâm Học liệu Trường Đại học Cần Thơ |
|---|
| LEADER | 00559nam a2200181Ia 4500 | ||
|---|---|---|---|
| 001 | CTU_82998 | ||
| 008 | 210402s9999 xx 000 0 und d | ||
| 082 | |a 621.381 | ||
| 082 | |b H428 | ||
| 100 | |a Hazeu, H. A. G. | ||
| 245 | 0 | |a Fifty years of electronic components | |
| 245 | 0 | |c H. A. G. Hazeu | |
| 260 | |a The Netherlands | ||
| 260 | |b Product Division Elcoma of N.V. Philips' Gloeilampenfabrieken | ||
| 260 | |c 1971 | ||
| 650 | |a Electronic apparatus and appliances | ||
| 904 | |i QHieu(sửa) | ||
| 980 | |a Trung tâm Học liệu Trường Đại học Cần Thơ | ||